00611 2200241 4500001002100000005001500021035002000036007000300056008004100059020001800100082001200118084001800130100002100148245005700169250001100226260003800237300002300275650001700298990001400315990001200329990001400341990001400355INLIS00000000000775220260519083307 a0010-0526000003ta260519 | | ind  a979-489-381-1 a636.514 a636.514 RAS m1 aRasyaf, Muhammad1 aManajemen Peternakan Ayam Petelur /cMuhammad Rasyaf aCet. 4 aJakarta :bPenebar Swadaya,c2003 a177 hlm ;c20.5 cm 4aAyam Petelur a3930.4/23 a3930/23 a3930.2/23 a3930.3/23